8 mots dans mots : mel (mort subite) - Statistiques

Statistiques générales
  • Ce quiz a été pris 55 fois
  • Le résultat moyen est 5 sur 8
Answers on the Grid
Answers color-coded by a green-red scale on the quiz's grid according to % correct below.
photo---tiplicateur
resse---leraient
peinture-é---sion
grom---leraient
dé---tiplieraient
cara---iserions
ina---iorable
cardiosti---ateur
entre---ements
é---sionneraient
ca---oteraient
tu---tueusement
a---ioreraient
refor---eraient
psychosti---ant
batteur - ---angeur
 
Statistiques - réponses
Réponse % Correct
grom---leraient
79%
a---ioreraient
74%
cara---iserions
74%
entre---ements
67%
ina---iorable
65%
batteur - ---angeur
60%
resse---leraient
56%
ca---oteraient
49%
Aucun quiz correspondant
Distribution des résultats
% des personnes avec chaque résultat
Percentile par nombre de réponses
Votre historique - résultats
Vous n’avez pas pris ce quiz